Chtelničan štvrťročník obce Chtelnica

Bibliographic Details
Format: Journal
Language:Slovak
PhysicalDescription:zv. 30 cm
Published: Chtelnica Obec Chtelnica 2011-
ISSN:1339-1100
Subjects:
Online Access:http://www.chtelnica.sk/obcan/obecne-noviny/

MARC

LEADER 00000cas a2200000 a 4500
001 vtls010496290
003 SK-MaSNL
005 20260228161220.0
008 130311c20119999xo qr p 0 0slo
022 |a 1339-1100 
040 |a SNK  |b slo  |c SNK  |e AACR2 
041 0 |a slo 
043 |a e-xo--- 
044 |a xo  |c SK 
072 7 |a 352/354  |x Stupne miestnej, oblastnej a ústrednej správy  |2 konspekt 
072 7 |a 316.7  |x Sociológia kultúry. Kultúrny život  |2 konspekt 
072 7 |a 394  |x Verejný a spoločenský život. Každodenný život  |2 konspekt 
080 |a 352  |2 2011 
080 |a 316.728  |2 2011 
080 |a 394  |2 2011 
080 |a 050  |2 2011 
080 |a (437.612)  |2 2011 
080 |a (051)+(054)  |2 2011 
210 0 |a Chtelničan 
222 0 |a Chtelničan 
245 0 0 |a Chtelničan  |b štvrťročník obce Chtelnica 
260 |a Chtelnica  |b Obec Chtelnica  |c 2011- 
300 |a zv.  |c 30 cm 
310 |a 4x ročne 
362 0 |a Roč. I, č. 1 (2011)- 
500 |a Evidenčné č.: EV 4313/11 
500 |a Na obálke: 1208 1. písomná zmienka 
500 |a V r. 2019 vyšlo špeciálne číslo Šabľovnícky špeciál 
515 |a Č. 1/2016 má chybne označený roč. V. 
650 0 7 |a miestna správa  |2 SNKPH  |9 29496 
650 0 7 |a každodenný život  |2 SNKPH  |9 4946 
651 7 |a Chtelnica (Slovensko)  |2 SNKPHgeo  |9 15261 
655 7 |a miestne periodiká  |2 SNKPH  |9 160938 
856 4 1 |u http://www.chtelnica.sk/obcan/obecne-noviny/ 
910 |a snk 
916 |a 2011-2017 
999 |c 4692  |d 6622 
952 |0 0  |1 0  |4 0  |7 0  |8 0  |a SNK  |b SNK  |d 2021-11-18  |i snk2021/18623  |l 0  |o snkČSB 6897/9/2019  |p 17A1461473  |r 2026-02-21 21:39:41  |t č. 1-4 + špec. č.  |w 2026-02-21  |y PREZ  |z Špeciálne č.: Šabľovnícky špeciál (február 2019) 
952 |0 0  |1 0  |4 0  |7 0  |8 0  |a SNK  |b SNK  |d 2021-11-18  |i snk2021/18626  |l 0  |o snkČSB 6897/10/2020  |p 17A1461474  |r 2026-02-21 21:39:41  |t č. 1-4  |w 2026-02-21  |y PREZ 
952 |0 0  |1 0  |4 0  |7 0  |8 0  |a SNK  |b SNK  |d 2019-11-25  |i snk2019/30385  |l 0  |o snkČSB 6897/8/2018  |p 17A1385047  |r 2026-02-21 22:08:15  |t č. 1-4  |w 2026-02-21  |y PREZ 
952 |0 0  |1 0  |4 0  |7 0  |8 0  |a SNK  |b SNK  |d 2018-12-04  |i snk2018/25982  |l 0  |o snkČSB 6897/1/2011  |p 17A1341591  |r 2026-02-21 22:13:34  |t č. 1-4  |w 2026-02-21  |y PREZ 
952 |0 0  |1 0  |4 0  |7 0  |8 0  |a SNK  |b SNK  |d 2018-12-04  |i snk2018/25982  |l 0  |o snkČSB 6897/2/2012  |p 17A1341592  |r 2026-02-21 22:13:34  |t č. 1-4  |w 2026-02-21  |y PREZ 
952 |0 0  |1 0  |4 0  |7 0  |8 0  |a SNK  |b SNK  |d 2018-12-04  |i snk2018/25982  |l 0  |o snkČSB 6897/3/2013  |p 17A1341593  |r 2026-02-21 22:13:34  |t č. 1-4  |w 2026-02-21  |y PREZ 
952 |0 0  |1 0  |4 0  |7 0  |8 0  |a SNK  |b SNK  |d 2018-12-04  |i snk2018/25982  |l 0  |o snkČSB 6897/4/2014  |p 17A1341594  |r 2026-02-21 22:13:34  |t č. 1-4  |w 2026-02-21  |y PREZ 
952 |0 0  |1 0  |4 0  |7 0  |8 0  |a SNK  |b SNK  |d 2018-12-04  |i snk2018/25983  |l 0  |o snkČSB 6897/5/2015  |p 17A1341595  |r 2026-02-21 22:13:34  |t č. 1-4  |w 2026-02-21  |y PREZ 
952 |0 0  |1 0  |4 0  |7 0  |8 0  |a SNK  |b SNK  |d 2018-12-04  |i snk2018/25983  |l 0  |o snkČSB 6897/6/2016  |p 17A1341596  |r 2026-02-21 22:13:34  |t č. 1-4  |w 2026-02-21  |y PREZ 
952 |0 0  |1 0  |4 0  |7 0  |8 0  |a SNK  |b SNK  |d 2018-12-04  |i snk2018/25983  |l 0  |o snkČSB 6897/7/2017  |p 17A1341597  |r 2026-02-21 22:13:34  |t č. 1-4  |w 2026-02-21  |y PREZ